000 00784nam a22002057a 4500
999 _c178327
_d178327
005 20210324172040.0
010 _aENG-129295
020 _a978-93-5388-310-2
_c1250.00
035 _aEN-112827
037 _bDBAD/PUB
082 _a333.79
245 _aEnergy Economics and the Environment: Conservation, Preservation and Sustainability/
_cedited by Mohammad Younus Bhat, Hiranmoy Roy and M. S. Bhatt
260 _aNew Delhi
_bSage Publication India
_c2020
270 _aB1/1-1 Mohan Cooperative Industrial Area Mathura Road
_bNew Delhi
_e110044
300 _axxxii+322p.
_c23cm(hbk)
_bIncluding illustrations and index.
700 _aBhat, Mohammad Younus, Ed.
700 _aRoy, Hiranmoy, Ed.
700 _aBhatt, M. S., Ed.
942 _2ddc
_cEN
_h333.79
_mENE